| 000 | 00759nam a2200229 i 4500 | ||
|---|---|---|---|
| 001 | 130792 | ||
| 003 | ES-MaACL | ||
| 005 | 20230906193838.0 | ||
| 007 | t| | ||
| 008 | 070808s1957 fr ||||1| fre d | ||
| 080 | _a821.111-2 | ||
| 245 | 0 | 0 |
_aArden de Faversham _b: drame en cinq actes / _ctraduit de l'anglais par Laurette Brunius et Loleh Bellon. |
| 260 |
_aParis : _bL'Arche, _c[1957] |
||
| 300 |
_a76 p. ; _c18 cm. |
||
| 490 | 1 |
_aRepertoire pour un théáatre populaire ; _v9 |
|
| 500 | _aBiblioteca Jacinto Martínez Lacalle. | ||
| 700 | 1 |
_aBrunius, Laurette. _932184 |
|
| 700 | 1 |
_aBellon, Loleh. _927266 |
|
| 830 | 0 |
_aRepertoire pour un théáatre populaire ; _v9 _9219522 |
|
| 852 |
_aES-MaACL _jE-11943 _bR.142627 |
||
| 999 |
_c130792 _d130792 |
||